[Event "Santiago CC Puente Alto op"]
[Site "Santiago de Chile"]
[Date "2004.04.17"]
[Round "3"]
[White "Salgado, Jorge"]
[Black "Pineda Polanco, Adolfo"]
[Result "1/2-1/2"]
[WhiteElo "2196"]
[BlackElo "2265"]
[PlyCount "81"]
[EventDate "2004.04.04"]
[EventType "swiss"]
[EventRounds "7"]
[EventCountry "CHI"]
[SourceTitle "EXT 2005"]
[Source "ChessBase"]
[SourceDate "2004.11.15"]
[SourceVersion "1"]
[SourceVersionDate "2004.11.15"]
[SourceQuality "1"]

1. d4 Nf6 2. c4 e6 3. Nf3 d5 4. Nc3 Be7 5. Bg5 0-0 6. e3 Nbd7 7. Bd3 c6 8. 0-0 dxc4 9. Bxc4 Nd5 10. Bxe7 Qxe7 11. Rc1 Nxc3 12. Rxc3 e5 13. dxe5 Nxe5 14. Nxe5 Qxe5 15. f4 Qe7 16. f5 Rd8 17. Qh5 Rd6 18. e4 Rh6 19. Qg4 Bd7 20. Rg3 Rg6 21. Bxf7+ Qxf7 22. fxg6 Qxf1+ 23. Kxf1 Bxg4 24. gxh7+ Kxh7 25. Rxg4 Rd8 26. Ke2 Rd4 27. Rf4 a5 28. Ke3 Rb4 29. e5 Rb5 30. Re4 Kg8 31. b3 Kf7 32. Kf4 Ke6 33. h4 Rd5 34. Re2 b5 35. g4 c5 36. h5 c4 37. bxc4 bxc4 38. Re4 Rc5 39. Re2 c3 40. Rc2 Rxe5 41. Rxc3 1/2-1/2

[Event "Santiago CC Puente Alto"]
[Site "Santiago de Chile"]
[Date "2003.05.11"]
[Round "7.1"]
[White "Pineda Polanco, Adolfo"]
[Black "Salgado, Jorge"]
[Result "0-1"]
[WhiteElo "2279"]
[BlackElo "2174"]
[PlyCount "65"]
[EventDate "2003.04.07"]
[EventType "tourn"]
[EventRounds "11"]
[EventCountry "CHI"]
[SourceTitle "EXT 2004"]
[Source "ChessBase"]
[SourceDate "2003.11.25"]
[SourceVersion "1"]
[SourceVersionDate "2003.11.25"]
[SourceQuality "1"]

1. e4 e5 2. Nf3 Nc6 3. Bc4 Be7 4. 0-0 Nf6 5. Re1 d6 6. c3 0-0 7. d3 Bg4 8. h3 Be6 9. Nbd2 Re8 10. Nf1 Bf8 11. Ng3 h6 12. Bxe6 Rxe6 13. d4 Re8 14. dxe5 dxe5 15. Qe2 Qe7 16. Be3 a6 17. Nd2 Rad8 18. Qf3 Qe6 19. Nf5 Ne7 20. g4 Kh7 21. Nb3 Nxf5 22. gxf5 Qc6 23. Bd2 Rd7 24. Kh2 Red8 25. Rad1 b6 26. Qe2 Qb5 27. Qxb5 axb5 28. a3 c5 29. Re2 c4 30. Nc1 Nh5 31. Na2 Nf4 32. Bxf4 Rxd1 33. Bc1 0-1

[Event "Santiago CC Puente Alto"]
[Site "Santiago de Chile"]
[Date "2003.03.30"]
[Round "1.1"]
[White "Mella Zuniga, Gustavo"]
[Black "Salgado, Jorge"]
[Result "1/2-1/2"]
[WhiteElo "2172"]
[BlackElo "2174"]
[PlyCount "25"]
[EventDate "2003.04.07"]
[EventType "tourn"]
[EventRounds "11"]
[EventCountry "CHI"]
[SourceTitle "EXT 2004"]
[Source "ChessBase"]
[SourceDate "2003.11.25"]
[SourceVersion "1"]
[SourceVersionDate "2003.11.25"]
[SourceQuality "1"]

1. e4 e5 2. Nf3 Nc6 3. Bb5 a6 4. Ba4 Nf6 5. 0-0 Be7 6. Re1 b5 7. Bb3 d6 8. c3 0-0 9. h3 Na5 10. Bc2 c5 11. d4 exd4 12. cxd4 Nc6 13. Nc3 1/2-1/2